000 00599nam a22001217a 4500
040 _cRUA
082 _aDVM CHO 2025 B707 Or.1
100 _aCHOUN SANTI, ជូន សាន់ទិ
245 _aAntibody titer of newcastle disease in chicken at chieb commune, teuk phos district, kampong chhnang province. កម្រិតអង់ទីករនៃជំងឺញ៉ូវកាសលើមាន់នៅឃុំជៀប ស្រុកទឹកផុស ខេត្តកំពង់ឆ្នាំង
260 _aPHNOM PENH
_bRUA
_c2025
300 _aix,31p.
_bill.
_c29cm.
942 _cNRM
999 _c25687
_d25687